000 01587nas1a22003131i 4500
001 RU\NLR\INFOCOMM16\1000084222
005 20240725224632.0
035 _a(NLR Aleph) 002551397
090 _a3023446
_c3023446
100 _a20040505b19561958|||y0rusy50 ca
101 0 _arus
102 _aRU
110 _aayu||||0|y0
200 1 _aСборник технической информации
_fГлавмосжелезобетон при Мосгорисполкоме
210 _aМ.
_d1956-1958
311 _aНа №6/7(12/13) г. изд. прекращено
430 0 _12001#$aБюллетень технической информации
_tБюллетень технической информации
710 0 2 _aМосковское главное управление предприятий сборных железобетонных конструкций и крупных стеновых блоков
_4070
801 1 _aRU
_bInfoComm
_c20040505
801 0 _aRU
_bNLR
_gPSBO
852 _aNLR
_jП10/1697
942 _cJOURNAL
980 _aRUSPER